000 00625nam a2200253Ia 4500
003 OSt
005 20221007103448.0
006 a|||||r|||| 00| 0
007 ta
008 221006b |||||||| |||| 00| 0 eng d
024 _a13,238
037 _cTextual
040 _aLCO
_cLCO
_beng
041 _2eng
_aeng
082 _aZ(Q7), L2
100 _aMulla
_9683289
245 0 _aPrinciples of Mohameddan Law
250 _a17th
260 _aBombay
_bN.M.Tripathi Private LTD. India
_c1972
300 _a392
650 _aMuslim Law
942 _hZ(Q7), L2
_cTEXL
999 _c1182801
_d1182801